[Event "Challenge"]
[Site "http://www.queenalice.com/game.php?id=658642"]
[Date "2009.9.27"]
[Round "-"]
[White "feramach"]
[Black "ReidoBaralho"]
[Result "1-0"]
[WhiteElo "1621"]
[BlackElo "1557"]

1. e4 e5 2. Nf3 Bd6 3. Bc4 Nf6 4. d3 h6 5. Nc3 c6 6. d4 b5 7. dxe5 Ng4 8. Bxf7+
Kxf7 9. Qxd6 Re8 10. h3 Re6 11. Qd4 Qe7 12. hxg4 c5 13. Qe3 Ba6 14. Nd5 Qe8 15.
Nc7 Qe7 16. Nxa8 d6 17. Bd2 dxe5 18. Ba5 Nc6 19. Nc7 Rd6 20. Nxa6 Nxa5 21. Nxc5
Rc6 22. Nd3 Rxc2 23. Nfxe5+ Ke6 24. Ng6 Qf6 25. Ndf4+ Kf7 26. Qxa7+ Kg8 27. e5
Qd8 28. O-O Nc6 29. Qa3 b4 30. Qb3+ Kh7 31. Qxc2 Nd4 32. Nh4+ Nxc2 33. Rac1 Qxh4
34. Rxc2 Qxg4 35. Rc4 g5 36. Rc7+ Kg8 37. Nh3 Qd4 38. Re1 g4 39. e6 Qd2 40. Rc8+
Kg7 41. Rcc1 Qxb2 42. Rc7+ Kf6 43. Rf7+ Kg6 44. Nf4+ Kg5 45. e7 Qxa2 46. e8=Q b3
47. Qe5+ Kh4 48. g3# 1-0

[Event "AUTO-INT-1462"]
[Site "http://www.queenalice.com/game.php?id=658800"]
[Date "2009.9.27"]
[Round "1"]
[White "El_Pagano1313"]
[Black "feramach"]
[Result "0-1"]
[WhiteElo "1570"]
[BlackElo "1580"]

1. e4 e5 2. Nf3 Nf6 3. Nc3 Bb4 4. d3 Bxc3+ 5. bxc3 Nc6 6. Bg5 h6 7. Bxf6 Qxf6 8.
d4 d6 9. d5 Na5 10. Bb5+ c6 11. dxc6 bxc6 12. Ba4 O-O 13. O-O Bb7 14. Qd3 a6 15.
c4 c5 16. Rab1 Rfb8 17. g3 Nxc4 18. Qxc4 Qxf3 19. Rfe1 Bxe4 20. Qxe4 Qxe4 21.
Rxe4 Rxb1+ 22. Kg2 Ra1 23. Bb3 Kf8 24. c4 a5 25. f4 f6 26. fxe5 fxe5 27. a4 Rb8
28. Re3 Rb1 29. Bc2 R8b2 30. Re2 Rc1 31. Bd3 Rxe2+ 32. Bxe2 Ra1 33. Kf3 Rxa4 34.
h4 Ke7 35. g4 Ra3+ 36. Ke4 Rh3 37. h5 a4 0-1

[Event "AUTO-INT-1462"]
[Site "http://www.queenalice.com/game.php?id=658801"]
[Date "2009.9.27"]
[Round "1"]
[White "feramach"]
[Black "El_Pagano1313"]
[Result "1-0"]
[WhiteElo "1596"]
[BlackElo "1554"]

1. e4 e5 2. Bc4 Nf6 3. Qf3 d6 4. h3 Nc6 5. c3 Na5 6. Be2 d5 7. d3 d4 8. c4 Bb4+
9. Bd2 Bxd2+ 10. Nxd2 c5 11. Qg3 O-O 12. Qxe5 b6 13. Ngf3 Bd7 14. g4 b5 15. cxb5
Bxb5 16. Qxc5 Qd7 17. Ne5 Rfc8 18. Nxd7 Rxc5 19. Nxc5 g5 20. b4 Nc6 21. a3 a5
22. bxa5 Rxa5 23. O-O h5 24. Ndb3 Ra7 25. a4 Ba6 26. e5 Nxe5 27. f3 h4 28. Nxd4
Kg7 29. Nf5+ Kg6 30. Rfb1 Bc8 31. d4 Nc6 32. Nd6 Ra8 33. Bd3+ Kh6 34. Nxf7+ Kg7
35. Nxg5 Nxd4 36. Kf2 Ra5 37. Rb5 Nxb5 38. Bxb5 Nd5 39. Nge4 Kg6 40. Rd1 Nc3 41.
Rd6+ Kf7 42. Nxc3 1-0

[Event "AUTO-INT-1462"]
[Site "http://www.queenalice.com/game.php?id=658812"]
[Date "2009.9.27"]
[Round "1"]
[White "Poirot"]
[Black "feramach"]
[Result "1-0"]
[WhiteElo "1812"]
[BlackElo "1547"]

1. e4 e5 2. Nf3 d6 3. d4 Nf6 4. Nc3 exd4 5. Nxd4 c5 6. Nb3 Nc6 7. Bb5 Bd7 8. Bg5
Be7 9. Nd5 Nxd5 10. exd5 Ne5 11. Bxe7 Qxe7 12. Bxd7+ Nxd7+ 13. Qe2 Qxe2+ 14.
Kxe2 O-O 15. Rhe1 b5 16. Kf1 c4 17. Nd4 1-0

[Event "AUTO-INT-1462"]
[Site "http://www.queenalice.com/game.php?id=658813"]
[Date "2009.9.27"]
[Round "1"]
[White "feramach"]
[Black "Poirot"]
[Result "0-1"]
[WhiteElo "1553"]
[BlackElo "1806"]

1. e4 e5 2. Nf3 Nc6 3. Bb5 a6 4. Bxc6 dxc6 5. d3 Bd6 6. Bd2 Nf6 7. Bc3 Bg4 8. h3
Bd7 9. Nbd2 Qe7 10. Qe2 O-O 11. Nc4 Bc5 12. Ncxe5 Be6 13. d4 Ba7 14. g4 c5 15.
d5 Bc8 16. O-O-O b5 17. Nc6 Qxe4 18. Qe3 Qxe3+ 0-1

[Event "AUTO-INT-1469"]
[Site "http://www.queenalice.com/game.php?id=661924"]
[Date "2009.10.3"]
[Round "1"]
[White "Barrettto"]
[Black "feramach"]
[Result "1-0"]
[WhiteElo "1550"]
[BlackElo "1599"]

1. e4 e5 2. Qh5 Nf6 3. Qd1 Nxe4 4. Bc4 Qf6 5. Qf3 Qxf3 6. Nxf3 f6 7. d3 Nd6 8.
Na3 Nf5 9. g4 Nd6 10. c3 a6 11. b4 b5 12. Bb3 Bb7 13. Bd1 Nc6 14. O-O O-O-O 15.
g5 f5 16. h4 f4 17. d4 e4 18. d5 1-0

[Event "AUTO-INT-1469"]
[Site "http://www.queenalice.com/game.php?id=661925"]
[Date "2009.10.3"]
[Round "1"]
[White "feramach"]
[Black "Barrettto"]
[Result "0-1"]
[WhiteElo "1618"]
[BlackElo "1531"]

1. e4 e5 2. Nf3 d6 3. Nc3 c6 4. d4 exd4 5. Ne2 c5 6. Nf4 g5 7. Nd5 f5 8. Bxg5
Be7 9. Nxe7 Nxe7 10. exf5 Qc7 11. f6 Nf5 12. Bc4 h6 13. Bf4 Nd7 14. Qe2+ Kf8 15.
O-O Nxf6 0-1

[Event "AUTO-INT-1469"]
[Site "http://www.queenalice.com/game.php?id=661948"]
[Date "2009.10.3"]
[Round "1"]
[White "feramach"]
[Black "rafaeldias"]
[Result "0-1"]
[WhiteElo "1572"]
[BlackElo "1595"]

1. e4 e5 2. Nf3 d6 3. Nc3 Bg4 4. Be2 Bxf3 5. Bxf3 Nd7 6. d4 Be7 7. d5 Bg5 8. O-O
Qf6 9. Nb5 Qd8 10. Bxg5 f6 11. Be3 a6 12. Na3 c5 13. Nc4 Qc7 14. Qd3 b5 15. Nd2
h5 16. h4 Ne7 17. c4 b4 18. a3 a5 19. axb4 cxb4 20. Ra4 Nb6 21. Ra2 g6 22. Rfa1
a4 23. Bxb6 Qxb6 24. Rxa4 Rxa4 25. Rxa4 O-O 26. Nb3 f5 27. Qd2 f4 28. Rxb4 Qc7
29. Be2 Ra8 30. Rb5 Nc8 31. Na5 Nb6 32. Qb4 Kf7 33. c5 Nd7 34. Rb7 Qxa5 35. Qxa5
Rxa5 36. Rxd7+ Ke8 37. Rxd6 Rxc5 38. Bd3 Ke7 39. Rxg6 Rc1+ 40. Kh2 Kd7 41. Rg5
Kd6 42. f3 Kc5 43. Rxe5 Kd4 0-1

[Event "AUTO-INT-1469"]
[Site "http://www.queenalice.com/game.php?id=661949"]
[Date "2009.10.3"]
[Round "1"]
[White "rafaeldias"]
[Black "feramach"]
[Result "1-0"]
[WhiteElo "1575"]
[BlackElo "1636"]

1. e4 e5 2. Bc4 Nf6 3. Nc3 c6 4. d4 exd4 5. Qxd4 Bc5 6. Qxc5 d6 7. Qd4 O-O 8.
Nf3 c5 9. Qd3 Nc6 10. a3 a6 11. O-O b5 12. Bd5 c4 13. Qd2 Qc7 14. Re1 Ra7 15.
Bxc6 Qxc6 16. e5 dxe5 17. Nxe5 Qc5 18. b4 Qb6 19. Qf4 Rd8 20. Be3 Qc7 21. Bxa7
Qxa7 22. Nc6 Qb6 23. Nxd8 Qxd8 24. Rad1 Qf8 25. Qc7 Be6 26. Rd8 Ne8 27. Qb6 g6
28. Ne4 Kg7 29. Qd4+ Kh6 30. Nf6 Qg7 31. Rxe8 Kg5 32. Ne4+ Kh6 33. Qxg7+ Kxg7
34. Ng5 Bf5 35. c3 h6 36. Ne4 h5 37. Nd6 Bd7 38. R1e7 1-0

[Event "AUTO-ADV-1513"]
[Site "http://www.queenalice.com/game.php?id=670553"]
[Date "2009.10.21"]
[Round "1"]
[White "rafaelalves"]
[Black "feramach"]
[Result "1-0"]
[WhiteElo "1859"]
[BlackElo "1581"]

1. d4 e6 2. e3 Nf6 3. Nf3 h6 4. Bd3 c5 5. O-O Nc6 6. c4 cxd4 7. exd4 d5 8. c5 b6
9. Bb5 Bb7 10. Ne5 Qc7 11. Bf4 Qc8 12. Qa4 Nd7 13. Nxc6 Bxc6 14. Bxc6 bxc5 15.
Bxa8 Qxa8 16. dxc5 Bxc5 17. Rc1 Bb6 18. Bc7 1-0

[Event "AUTO-ADV-1513"]
[Site "http://www.queenalice.com/game.php?id=670554"]
[Date "2009.10.21"]
[Round "1"]
[White "feramach"]
[Black "rafaelalves"]
[Result "0-1"]
[WhiteElo "1576"]
[BlackElo "1864"]

1. e4 e5 2. Nf3 d6 3. Nc3 Nf6 4. h3 Be7 5. Bc4 O-O 6. d3 Nc6 7. Be3 Na5 8. Nd2
c6 9. b4 Nxc4 10. Nxc4 d5 11. exd5 cxd5 12. Nxe5 d4 13. Bd2 dxc3 14. Bxc3 Qb6
15. a3 Re8 16. Nc4 Qc6 17. O-O b5 0-1